[Event "Mendoza Mendocino-ch sf"]
[Site "Mendoza"]
[Date "2023.10.01"]
[Round "7"]
[White "Luque, Bruno"]
[Black "Barros, Rocio"]
[Result "1/2-1/2"]
[WhiteElo "1549"]
[BlackElo "1496"]
[PlyCount "51"]
[EventDate "2023.09.29"]
[EventType "swiss"]
[EventRounds "7"]
[EventCountry "ARG"]
[SourceTitle "CBM 216 Extra"]
[Source "ChessBase"]
[SourceDate "2023.11.30"]
[SourceVersion "1"]
[SourceVersionDate "2023.11.30"]
[SourceQuality "1"]

1. e4 c5 2. Nf3 g6 3. d4 cxd4 4. Nxd4 Bg7 5. c4 Nc6 6. Be3 d6 7. Nc3 Nf6 8. f3 Bd7 9. Rc1 0-0 10. Be2 Rc8 11. 0-0 a6 12. b3 Ne8 13. Qd2 f5 14. Nd5 f4 15. Nxc6 fxe3 16. Ndxe7+ Kh8 17. Qxe3 bxc6 18. Nxc8 Qxc8 19. f4 c5 20. e5 Qb8 21. Rcd1 Bc6 22. Kh1 dxe5 23. Qxc5 Qb7 24. Rf2 exf4 25. b4 Qc7 26. Kg1 1/2-1/2

[Event "Mendoza Mendocino-ch sf"]
[Site "Mendoza"]
[Date "2023.09.30"]
[Round "3"]
[White "Chirino, Nelson David"]
[Black "Luque, Bruno"]
[Result "1-0"]
[WhiteElo "1375"]
[BlackElo "1549"]
[PlyCount "61"]
[EventDate "2023.09.29"]
[EventType "swiss"]
[EventRounds "7"]
[EventCountry "ARG"]
[SourceTitle "CBM 216 Extra"]
[Source "ChessBase"]
[SourceDate "2023.11.30"]
[SourceVersion "1"]
[SourceVersionDate "2023.11.30"]
[SourceQuality "1"]

1. e4 c5 2. Nf3 d6 3. d4 cxd4 4. Nxd4 Nf6 5. Nc3 a6 6. Bg5 e6 7. f4 Be7 8. Qf3 Nbd7 9. 0-0-0 Qc7 10. g4 b5 11. Bxf6 Bxf6 12. g5 Bxd4 13. Rxd4 Bb7 14. Bg2 e5 15. Rd2 Rc8 16. Rhd1 b4 17. Nd5 Bxd5 18. exd5 Nc5 19. fxe5 0-0 20. exd6 Qxd6 21. Bh3 Rc7 22. Kb1 Re8 23. Rd4 Na4 24. Rf1 Qxh2 25. Bf5 Qe5 26. Qf4 Qe2 27. d6 Ra7 28. d7 Rd8 29. Bxh7+ Kxh7 30. Qf5+ Kh8 31. Rh4+ 1-0